000 01150nam a22002297a 4500
003 NALT
005 20251125233013.0
008 s2549 th tha d
040 _aNALT
041 _atha
090 _aKU14.2 ว655ร 2549 ล.2
100 0 _aวัชราภรณ์ ตังควณิชย์
245 1 0 _aรวมกฎหมายของกระทรวงยุติธรรม พร้อมด้วยกฎกระทรวง ระเบียบ ข้อบังคับที่เกี่ยวข้อง 2
260 3 _aกรุงเทพฯ :
_bสำนักกฎหมาย กระทรวงยุติธรรม,
_c2549
300 _a1 เล่ม ;
_b30 ซม.
650 0 4 _aกระทรวงยุติธรรม -- กฎหมายและระเบียบข้อบังคับ
700 0 _aวัชราภรณ์ ตังควณิชย์
850 _aNALT
856 4 0 _uhttps://hdl.handle.net/20.500.14156/451966
942 _cLB
_2lcc
999 _c49641
_d49641
998 _j109
_k นางสาวอารีรัตน์ วิชาช่าง